000 00568nam a2200181 i 4500
001 32871
003 ES-MaACL
005 20230906154642.0
007 t|
008 030131s1942 sp ||||1| spa d
100 1 _aBenjamin, René.
_927702
245 1 0 _aBalzac /
_cpor René Benjamin ; [traducción del francés de Luis Cernuda].
260 _aMadrid :
_bLa Nave,
_c[1942] (
_fTipografía Artística)
300 _a347 p., 9 lám. ;
_c16 cm.
700 1 _aCernuda, Luis,
_d1902-1963
_937529
852 _aES-MaACL
_jE-1222
_bR.27171
999 _c32871
_d32871